LDR 01277nam a2200265 4500 001 000000366137 003 CaOOAMICUS 005 20260126095536.0 008 260126s2023 xxka 000 u eng r 020 $a978-0-14-199504-5 040 $aSeMil$bita 100 1 $aGigerenzer, Gerd,$d<1947- >.$0(OLS)http://semarc/name/123639 245 10$aHow to stay smart in a smart world :$bwhy human intelligence still beats algorithms /$cGerd Gigerenzer. 264 1$aLondon [etc.] :$bPenguin Books,$c2023. 300 $avii, 311 p. :$bill. ;$c20 cm 490 1 $aPenguin Psychology 650 4$aIntelligenza artificiale - Effetti sociali.$0(OLS)http://semarc/subject/59382 650 4$aComportamento
- Effetti dell'intelligenza artificiale.$0(OLS)http://semarc/subject/59383 830 0$aPenguin Psychology.$0(OLS)http://semarc/title/457835 850 $aSeMil 852 $aSeMil$W1$xVenegono$y1$m2O II 66$j266584$B256904$CSeMilBibl$Z2$F256904 $81 996 $6020$a978-0-14-199504-5$9(OLS)http://semarc/number/305137 996 $6245$aHow to stay smart in a smart world :$bwhy human intelligence still beats algorithms$9(OLS)http://semarc/title/457834 996 $6264$aLondon [etc.] :$bPenguin Books$9(OLS)http://semarc/publisher/52641